| LEADER |
00741nam0a2200193 450 |
| 001 |
16825511 |
| 010 |
|
|
|a 2-84038-476-0
|b Cart.
|d 9,95
|
| 100 |
|
|
|a 20030710d2003 u u0frey01 ba
|
| 101 |
0 |
|
|a fre
|
| 102 |
|
|
|a FR
|
| 200 |
0 |
|
|a C'est comment ...un chien
|f texte Brigitte Bulard-Cordeau
|g dessins de Céline Caneparo
|
| 207 |
|
1 |
|a
|
| 210 |
|
|
|a Paris
|c Rustica
|d 2003
|
| 215 |
|
|
|a 48 p.
|c ill. en coul.
|d 19 cm
|
| 225 |
1 |
|
|a Les imagiers de la campagne
|
| 330 |
|
|
|a Imagier qui décrit les chiens : photos en gros plan, textes courts, dessins, comptines, chansons et devinettes.
|
| 900 |
|
|
|a Documentaire jeunesse
|
| 901 |
|
|
|a Accessible au prêt
|
| 995 |
|
|
|a BD 13
|b 156
|c Bibliothèque
|f 00156005609441
|h 00156005609441
|k E 636.7 BUL
|o p
|q j
|r az
|e BD 13
|